AUTOMOTIVE ELECTRICAL EQUIPMENT (Record no. 8199)

MARC details
000 -LEADER
fixed length control field 00433nam a22001577a 4500
003 - CONTROL NUMBER IDENTIFIER
control field SGT
020 ## - INTERNATIONAL STANDARD BOOK NUMBER
International Standard Book Number 9780074602164
082 ## - DEWEY DECIMAL CLASSIFICATION NUMBER
Classification number 621.30284
Item number KOH
100 ## - MAIN ENTRY--PERSONAL NAME
Personal name KOHLI,P.L.
245 ## - TITLE STATEMENT
Title AUTOMOTIVE ELECTRICAL EQUIPMENT
Remainder of title TECHNICAL EDUCATION SERIES
260 ## - PUBLICATION, DISTRIBUTION, ETC. (IMPRINT)
Place of publication, distribution, etc NEW DELHI
Name of publisher, distributor, etc TMH
Year of Publication 2014
300 ## - PAGE DESCRIPTION
No. of Pages 253
650 ## - SUBJECT ADDED ENTRY--TOPICAL TERM
Topical term or geographic name as entry element AUTOMOBILE ENGINEERING
653 ## - KEYWORDS--INDEX TERM
Keyword term BATTERY,GENERATOR,REGULATOR,CRANKING MOTOR,IGNITION SYSTEMS
942 ## - ADDED ENTRY ELEMENTS (KOHA)
Source of classification or shelving scheme Dewey Decimal Classification
Koha item type Books
942 ## - ADDED ENTRY ELEMENTS (KOHA)
-- 2
Holdings
Withdrawn status Lost status Source of classification or shelving scheme Damaged status Not for loan Home library Current library Shelving location Date acquired Vendor Name Cost, normal purchase price SGTU Bill Number Total Checkouts Full call number Accession No. (Barcode) Date last seen Date last borrowed Bill Date Koha item type Checked out Use restrictions
    Dewey Decimal Classification     SGT Engineering Library SGT Engineering Library Text Book 25/12/2015 KIRTI PRAKASAN 450.00 SGTU 2391 1 621.30284 KOH FE6404 07/05/2024 07/05/2024   Books    
    Dewey Decimal Classification     SGT Engineering Library SGT Engineering Library Text Book 25/12/2015 KIRTI PRAKASAN 450.00 SGTU 2391   621.30284 KOH FE6405 25/12/2015     Books    
    Dewey Decimal Classification     SGT Engineering Library SGT Engineering Library Text Book 25/12/2015 KIRTI PRAKASAN 450.00 SGTU 2391   621.30284 KOH FE6406 25/12/2015     Books    
    Dewey Decimal Classification     SGT Engineering Library SGT Engineering Library Text Book 25/12/2015 KIRTI PRAKASAN 450.00 SGTU 2391   621.30284 KOH FE6407 25/12/2015     Books    
    Dewey Decimal Classification     SGT Engineering Library SGT Engineering Library Text Book 25/12/2015 KIRTI PRAKASAN 450.00 SGTU 2391   621.30284 KOH FE6408 25/12/2015     Books    
    Dewey Decimal Classification     SGT Engineering Library SGT Engineering Library Text Book 25/12/2015 KIRTI PRAKASAN 450.00 SGTU 2391   621.30284 KOH FE6409 25/12/2015     Books    
    Dewey Decimal Classification     SGT Engineering Library SGT Engineering Library Text Book 25/12/2015 KIRTI PRAKASAN 450.00 SGTU 2391 1 621.30284 KOH FE6410 11/10/2022 11/10/2022   Books 10/12/2022  
    Dewey Decimal Classification     SGT Engineering Library SGT Engineering Library On Display 12/01/2016 SPARCH BOOK 445.00 SGTU 1400   621.30284 KOH FE6358 12/01/2016     Books    
    Dewey Decimal Classification   Not For Loan SGT Engineering Library SGT Engineering Library Reference Book 12/01/2016 SPARCH BOOK 445.00 SGTU 1400   621.30284 KOH FE6359 12/01/2016     Books   Restricted Access